[Event "Dyfed Open"]
[Site "?"]
[Date "2018.02.18"]
[Round "4"]
[White "Miller, John S"]
[Black "Jones, Dewi"]
[Result "1/2-1/2"]
[WhiteElo "1648"]
[BlackElo "1512"]
[PlyCount "80"]
[EventDate "2018.??.??"]

1. d4 Nf6 2. Bf4 d6 3. Nf3 g6 4. e3 Bg7 5. Nbd2 O-O 6. c3 Bf5 7. Be2 Qc8 8. Rc1
c5 9. h3 Nbd7 10. Nh4 Be6 11. Bh2 Nb6 12. O-O Bxa2 13. b3 c4 14. b4 d5 15. Ra1
Ne4 16. Nxe4 Bb3 17. Qb1 dxe4 18. Qxe4 e6 19. Nf3 Nd5 20. Rfc1 Qc6 21. Nd2 f5
22. Qb1 Bh6 23. Nxb3 cxb3 24. Qxb3 Nxe3 25. Bf3 Qc4 26. Qxc4 Nxc4 27. Rc2 Rf7
28. Be2 b5 29. Bf3 Re8 30. Bc6 Rc8 31. Bxb5 f4 32. Ra6 Rfc7 33. Kf1 e5 34. dxe5
Nxe5 35. Ra3 Nc4 36. Bxc4+ Rxc4 37. Ke2 Bf8 38. Rxa7 Bxb4 39. Rd2 Rxc3 40. Rdd7
Rc2+ 1/2-1/2

[Event "Dyfed Open"]
[Site "?"]
[Date "2018.02.18"]
[Round "5"]
[White "Turner, Matthew J"]
[Black "Musson, Adam J"]
[Result "1-0"]
[WhiteElo "2536"]
[BlackElo "2020"]
[PlyCount "29"]
[EventDate "2018.??.??"]

1. Nf3 Nf6 2. c4 g6 3. Nc3 Bg7 4. d4 d5 5. Bf4 O-O 6. Rc1 c5 7. dxc5 Qa5 8.
cxd5 Qxc5 9. Qd2 Rd8 10. e4 Qa5 11. Be2 Na6 12. O-O Nh5 13. Bg5 Bxc3 14. Rxc3
f6 15. Rxc8 1-0

[Event "Dyfed Open"]
[Site "?"]
[Date "2018.02.18"]
[Round "5"]
[White "Williams, A. Howard"]
[Black "Rayner, Francis"]
[Result "1/2-1/2"]
[WhiteElo "2274"]
[BlackElo "2043"]
[PlyCount "93"]
[EventDate "2018.??.??"]

1. d4 Nf6 2. c4 e6 3. g3 c5 4. d5 exd5 5. cxd5 d6 6. Nc3 g6 7. Bg2 Bg7 8. Nf3
O-O 9. O-O Re8 10. Bf4 Ne4 11. Nxe4 Rxe4 12. Nd2 Rb4 13. a3 Rxf4 14. gxf4 Bxb2
15. Ra2 Bg7 16. Qb3 b6 17. Nc4 Ba6 18. a4 Qf6 19. e3 Nd7 20. Rd1 Rd8 21. Bf1
Nb8 22. f3 g5 23. fxg5 Qxf3 24. Rf2 Qg4+ 25. Rg2 Bxc4 26. Bxc4 Qh4 27. Bb5 Qe4
28. Rf1 Nd7 29. Bxd7 Rxd7 30. Rf4 Qe5 31. h4 Re7 32. Rgf2 a6 33. Kg2 b5 34.
axb5 axb5 35. Qxb5 Qxd5+ 36. R4f3 Rxe3 37. Qb8+ Bf8 38. Kg3 Qe5+ 39. Kg2 Qe4
40. Kg3 Rxf3+ 41. Rxf3 d5 42. Qc8 Kg7 43. Qd7 Qe5+ 44. Kg2 Be7 45. Qf5 Qxf5 46.
Rxf5 d4 47. Rd5 1/2-1/2

[Event "Dyfed Open"]
[Site "?"]
[Date "2018.02.18"]
[Round "5"]
[White "Morcom, Huw"]
[Black "Richmond, Jane"]
[Result "0-1"]
[WhiteElo "1913"]
[BlackElo "2097"]
[PlyCount "136"]
[EventDate "2018.??.??"]

1. e4 e5 2. Nf3 Nc6 3. Be2 g6 4. O-O Bg7 5. Re1 d6 6. c3 Nf6 7. Bf1 Bg4 8. h3
Bd7 9. d4 Qc8 10. Bg5 Nh5 11. dxe5 dxe5 12. Nbd2 h6 13. Be3 O-O 14. Nc4 Rd8 15.
Qc2 g5 16. Rad1 Nf4 17. Bxf4 gxf4 18. Rd2 b5 19. Na3 a6 20. Red1 Be6 21. Rxd8+
Nxd8 22. c4 b4 23. Nb1 Nc6 24. Nbd2 a5 25. Nb3 Qf8 26. Nc1 a4 27. Nd3 Qe7 28.
b3 axb3 29. axb3 Ra3 30. Rb1 Bc8 31. Qd2 Bb7 32. Nc1 Ra8 33. Bd3 Qc5 34. Bc2
Rd8 35. Nd3 Qa7 36. Qe1 Qa2 37. Rb2 Qa3 38. Rb1 Ra8 39. Nc5 Bc8 40. Na4 Rxa4
41. bxa4 Bf8 42. Bb3 Bc5 43. Qd1 Be6 44. Qc1 Qxc1+ 45. Rxc1 Na5 46. Nd2 Bd4 47.
Ba2 Bc3 48. Nb3 Bxc4 49. Nxa5 Bxa2 50. Kf1 c5 51. Ke2 Bd4 52. f3 Kf8 53. Nc4
Ke7 54. Kd3 Kd7 55. Nxe5+ Bxe5 56. Rxc5 Kd6 57. Rb5 b3 58. a5 b2 59. Kc2 b1=Q+
60. Rxb1 Bxb1+ 61. Kxb1 Kc5 62. Kc2 Kc4 63. a6 Bd4 64. Kd2 h5 65. Kc2 Be3 66.
Kd1 Kd3 67. Ke1 Bb6 68. Kf1 h4 0-1

[Event "Dyfed Open"]
[Site "?"]
[Date "2018.02.18"]
[Round "5"]
[White "French, Max"]
[Black "Van Kemenade, Rudy"]
[Result "1-0"]
[WhiteElo "1997"]
[BlackElo "1981"]
[PlyCount "43"]
[EventDate "2018.??.??"]

1. d4 Nf6 2. c4 e5 3. dxe5 Ng4 4. Nf3 Bc5 5. e3 Nc6 6. Be2 O-O 7. O-O Re8 8.
Nc3 Ncxe5 9. Nxe5 Nxe5 10. b3 a5 11. Ne4 Bf8 12. Bb2 Ra6 13. f4 Ng4 14. Bxg4
Rxe4 15. Be5 Bc5 16. Qd5 Bxe3+ 17. Kh1 Qh4 18. Qxe4 Rh6 19. h3 Bc5 20. Qf3 Rg6
21. f5 Rh6 22. Qg3 1-0

[Event "Dyfed Open"]
[Site "?"]
[Date "2018.02.18"]
[Round "5"]
[White "Zeidler, Sven P"]
[Black "Waddington, Mike P"]
[Result "1-0"]
[WhiteElo "2165"]
[BlackElo "2086"]
[PlyCount "105"]
[EventDate "2018.??.??"]

1. e4 c5 2. Nc3 a6 3. f4 b5 4. d4 cxd4 5. Qxd4 Nc6 6. Qf2 e6 7. Bd3 d5 8. exd5
exd5 9. Nf3 Nf6 10. O-O Be7 11. Ne5 Bb7 12. Bd2 O-O 13. Rae1 Nb4 14. Ne2 Rc8
15. Bc3 Nxa2 16. Bd4 Nb4 17. Ng3 Ne4 18. Bxe4 dxe4 19. c3 Nd3 20. Nxd3 exd3 21.
Nf5 Bf6 22. Bxf6 Qxf6 23. Ne7+ Kh8 24. Nxc8 Rxc8 25. Re3 Rd8 26. Rd1 h6 27.
Rexd3 Re8 28. Rd6 Qf5 29. Rd8 Rxd8 30. Rxd8+ Kh7 31. h3 Qb1+ 32. Kh2 Be4 33.
Rd7 Kg8 34. Rd8+ Kh7 35. Rf8 Bd5 36. Qd4 Be6 37. Qd2 Bc4 38. Ra8 Qg6 39. Qd8
Qe6 40. Qg8+ Kg6 41. Qc8 Qxc8 42. Rxc8 a5 43. g4 h5 44. Rc6+ f6 45. Kg3 hxg4
46. hxg4 a4 47. Rc7 Be2 48. f5+ Kh6 49. Kf4 Bd1 50. Rd7 Be2 51. Rd2 g5+ 52.
fxg6 Bc4 53. Kf5 1-0

[Event "Dyfed Open"]
[Site "?"]
[Date "2018.02.18"]
[Round "5"]
[White "Whale, Michael"]
[Black "James, David J"]
[Result "0-1"]
[WhiteElo "1743"]
[BlackElo "2119"]
[PlyCount "35"]
[EventDate "2018.??.??"]

1. e4 c5 2. c3 d5 3. Qf3 dxe4 4. Qxe4 Nf6 5. Qc2 Nc6 6. Nf3 Bg4 7. Be2 e6 8. d3
Be7 9. Na3 O-O 10. Nc4 Qc7 11. g3 Nd5 12. O-O Rad8 13. Ne3 Nxe3 14. Bxe3 Rd7
15. Ng5 Bxe2 16. Qxe2 Qe5 17. Ne4 c4 18. d4 0-1

[Event "Dyfed Open"]
[Site "?"]
[Date "2018.02.18"]
[Round "5"]
[White "May, Frank"]
[Black "Brown, Thomas"]
[Result "0-1"]
[WhiteElo "2096"]
[BlackElo "2085"]
[PlyCount "48"]
[EventDate "2018.??.??"]

1. Nf3 Nf6 2. c4 g6 3. g3 Bg7 4. Bg2 O-O 5. O-O d6 6. d4 Nc6 7. d5 Na5 8. Nfd2
c5 9. Nc3 a6 10. Qc2 Bd7 11. Rb1 b5 12. b3 Rb8 13. Bb2 e5 14. Nd1 h6 15. f4
exf4 16. gxf4 bxc4 17. bxc4 Rxb2 18. Rxb2 Ng4 19. e3 Bf5 20. e4 Bd4+ 21. Kh1
Nxh2 22. exf5 Qh4 23. Nf2 Bxf2 24. Rxf2 Nf3+ 0-1

[Event "Dyfed Open"]
[Site "?"]
[Date "2018.02.18"]
[Round "5"]
[White "Young, Alan"]
[Black "Waterfield, John W"]
[Result "0-1"]
[WhiteElo "2036"]
[BlackElo "1919"]
[PlyCount "54"]
[EventDate "2018.??.??"]

1. e4 g6 2. d4 Bg7 3. Nc3 c5 4. dxc5 Bxc3+ 5. bxc3 Qa5 6. Bd2 Qxc5 7. Nf3 d6 8.
Bd3 Nf6 9. O-O O-O 10. Rb1 b6 11. Qe2 Bg4 12. h3 Bxf3 13. Qxf3 Nbd7 14. Qg3
Rac8 15. c4 Ne5 16. Kh1 Nxc4 17. Bg5 Nh5 18. Qh4 f6 19. Bh6 Rf7 20. f4 Nd2 21.
Rb5 Qe3 22. Rxh5 Nxf1 23. Qg4 f5 24. exf5 Qg3 25. Qxg3 Nxg3+ 26. Kh2 Nxf5 27.
Bxf5 Rxf5 0-1

[Event "Dyfed Open"]
[Site "?"]
[Date "2018.02.18"]
[Round "5"]
[White "Jones, Iolo C"]
[Black "Buttell, David"]
[Result "1-0"]
[WhiteElo "2206"]
[BlackElo "1782"]
[PlyCount "89"]
[EventDate "2018.??.??"]

1. c4 b6 2. d4 e6 3. d5 e5 4. Nf3 d6 5. e4 Be7 6. Nc3 f5 7. exf5 Bxf5 8. Bd3
Bxd3 9. Qxd3 Nd7 10. Ne4 Ngf6 11. Nfd2 O-O 12. O-O Nc5 13. Nxc5 bxc5 14. Rb1 a5
15. Re1 Nh5 16. g3 Qd7 17. Re3 Qg4 18. f3 Qd4 19. Qxd4 cxd4 20. Rb3 Nf6 21. Rb7
Rfc8 22. a4 Nd7 23. Rb5 Nc5 24. b3 Bg5 25. Nf1 Bxc1 26. Rxc1 Rf8 27. Nd2 Rfb8
28. Kf1 Kf7 29. Ke2 Ke7 30. Rb1 Kd7 31. Ne4 Nxe4 32. fxe4 c6 33. dxc6+ Kxc6 34.
Rc1 Rxb5 35. cxb5+ Kd7 36. Rc4 Rc8 37. Kd3 Rxc4 38. Kxc4 Kc7 39. b4 Kb6 40. Kb3
axb4 41. Kxb4 Kb7 42. a5 Ka7 43. b6+ Ka6 44. Kc4 Kb7 45. Kb5 1-0

[Event "Dyfed Open"]
[Site "?"]
[Date "2018.02.18"]
[Round "5"]
[White "Fowler, Hugo"]
[Black "Heap, Gerry"]
[Result "0-1"]
[WhiteElo "1786"]
[BlackElo "2086"]
[PlyCount "80"]
[EventDate "2018.??.??"]

1. e4 c5 2. c3 g6 3. d4 cxd4 4. cxd4 d5 5. exd5 Nf6 6. Nc3 Bg7 7. Nf3 O-O 8.
Bd3 Nxd5 9. a3 Nc6 10. Bb1 Bg4 11. h3 Bxf3 12. Qxf3 Nb6 13. d5 Nd4 14. Qe4 Nb3
15. O-O Nxa1 16. Ba2 Nc8 17. Re1 Qb6 18. Na4 Qd4 19. Qxd4 Bxd4 20. Bh6 Bg7 21.
Bxg7 Kxg7 22. Rxa1 Nd6 23. Re1 Rfe8 24. Nc5 Rac8 25. b4 a5 26. Kf1 axb4 27.
axb4 b6 28. Nd7 Rc2 29. Re2 Rc1+ 30. Re1 Rxe1+ 31. Kxe1 Ra8 32. Bb3 Ra1+ 33.
Kd2 Rb1 34. Kc2 Rf1 35. f3 b5 36. Kd3 Rf2 37. Kd4 Rxg2 38. Kc5 Rb2 39. Bd1 Rd2
40. Bb3 Rd3 0-1

[Event "Dyfed Open"]
[Site "?"]
[Date "2018.02.18"]
[Round "5"]
[White "Jukes, Sam"]
[Black "Miles, Richard"]
[Result "0-1"]
[WhiteElo "1762"]
[BlackElo "1960"]
[PlyCount "60"]
[EventDate "2018.??.??"]

1. e4 c5 2. Nf3 Nc6 3. d4 cxd4 4. c3 dxc3 5. Nxc3 d6 6. Bc4 a6 7. O-O Nf6 8. h3
e6 9. Qe2 Be7 10. Rd1 Qc7 11. Be3 O-O 12. Rac1 Qb8 13. Bb3 Na5 14. Bc2 b5 15.
b3 Bd7 16. e5 dxe5 17. Ne4 Bc6 18. Neg5 h6 19. Nxe6 fxe6 20. Qd2 e4 21. Bxh6
gxh6 22. Qxh6 Qe8 23. Qg5+ Kh7 24. g4 Rg8 25. Qh4+ Qh5 26. Qg3 Nxg4 27. Qf4
Ne5+ 28. Kf1 Nxf3 29. Bxe4+ Bxe4 30. Qxe4+ Qf5 0-1

[Event "Dyfed Open"]
[Site "?"]
[Date "2018.02.18"]
[Round "5"]
[White "Bourne, Johnathan D"]
[Black "Owen, Neil"]
[Result "1/2-1/2"]
[WhiteElo "1957"]
[BlackElo "1760"]
[PlyCount "102"]
[EventDate "2018.??.??"]

1. e4 d6 2. d4 c6 3. Nc3 Qc7 4. f4 e5 5. Be2 Be7 6. Nf3 Bf6 7. dxe5 dxe5 8.
fxe5 Bxe5 9. Nxe5 Qxe5 10. O-O Be6 11. Bf4 Qc5+ 12. Kh1 Nd7 13. Bd6 Qb6 14. Bg4
Ngf6 15. Bxe6 fxe6 16. e5 O-O-O 17. exf6 Nxf6 18. Na4 Qb5 19. c4 Qxc4 20. Rf4
Ne4 21. b3 Qd5 22. Qxd5 exd5 23. Be5 Rd7 24. Bd4 b5 25. Nc5 Nxc5 26. Bxc5 Re8
27. h3 Kb7 28. a4 a6 29. axb5 cxb5 30. b4 Red8 31. Rd4 Re8 32. Kg1 Re6 33. Rad1
Kc6 34. Rc1 Kb7 35. Rc2 g6 36. Kf1 Rf7+ 37. Rf2 Rd7 38. Re2 Rf6+ 39. Ke1 Kc6
40. Kd1 h5 41. Be7 Rf1+ 42. Kd2 Kb7 43. g4 Ra1 44. Re6 Ra2+ 45. Kc1 hxg4 46.
hxg4 Rc7+ 47. Bc5 a5 48. Rb6+ Kc8 49. Rxb5 axb4 50. Rdxb4 Rg2 51. Kd1 Kd7
1/2-1/2

[Event "Dyfed Open"]
[Site "?"]
[Date "2018.02.18"]
[Round "5"]
[White "May, Adam J"]
[Black "Greatorex, Roger"]
[Result "1/2-1/2"]
[WhiteElo "1951"]
[BlackElo "1722"]
[PlyCount "59"]
[EventDate "2018.??.??"]

1. c4 g6 2. g3 Bg7 3. Bg2 d6 4. Nc3 e5 5. e4 Ne7 6. Nge2 O-O 7. O-O f5 8. d3
Nbc6 9. Nd5 Nxd5 10. cxd5 Ne7 11. Rb1 c6 12. dxc6 Nxc6 13. b4 Rb8 14. b5 Nd4
15. Nxd4 exd4 16. Qb3+ Kh8 17. a4 Re8 18. Bb2 Be6 19. Qb4 a5 20. Qa3 Qb6 21.
Rbc1 Rec8 22. Rfe1 Rxc1 23. Rxc1 Kg8 24. exf5 gxf5 25. Re1 Kf7 26. Qa1 Bb3 27.
Qa3 Be6 28. Qa1 Bb3 29. Qa3 Be6 30. Qa1 1/2-1/2

[Event "Dyfed Open"]
[Site "?"]
[Date "2018.02.18"]
[Round "5"]
[White "Taylor, Robert Graham"]
[Black "Di-Vetta, Andrew"]
[Result "1/2-1/2"]
[WhiteElo "1906"]
[BlackElo "1665"]
[PlyCount "89"]
[EventDate "2018.??.??"]

1. e4 e6 2. Nf3 d5 3. c3 dxe4 4. Qa4+ Bd7 5. Qxe4 Bc6 6. Qe2 Qd5 7. d3 b6 8.
Bf4 Bd6 9. c4 Qh5 10. Bxd6 cxd6 11. Nd4 Qxe2+ 12. Bxe2 Ne7 13. O-O O-O 14. Nc3
Nd7 15. Nxc6 Nxc6 16. Nb5 d5 17. cxd5 exd5 18. Nc7 Nd4 19. Bd1 Rad8 20. Nxd5
Nc5 21. Nf4 g5 22. Nh3 h6 23. f4 f6 24. fxg5 fxg5 25. Nf2 Nf5 26. Ng4 Kg7 27.
Bc2 Nd4 28. Rxf8 Rxf8 29. Bd1 Nxd3 30. b3 Re8 31. Bf3 Nxf3+ 32. gxf3 Re1+ 33.
Rxe1 Nxe1 34. Ne5 Kf6 35. Ng4+ Kg6 36. Kf2 Nd3+ 37. Ke3 Nc1 38. Ne5+ Kf5 39.
Nc6 a6 40. Nd4+ Ke5 41. a3 a5 42. b4 axb4 43. Nc6+ Kd6 44. Nxb4 Nb3 45. Nd3
1/2-1/2

[Event "Dyfed Open"]
[Site "?"]
[Date "2018.02.18"]
[Round "5"]
[White "Francis, Matthew"]
[Black "Haigh, Tony"]
[Result "0-1"]
[WhiteElo "1694"]
[BlackElo "1799"]
[PlyCount "60"]
[EventDate "2018.??.??"]

1. d4 e6 2. Nf3 f5 3. e3 Nf6 4. Bd3 b6 5. Nbd2 Bb7 6. O-O Be7 7. b3 d6 8. Bb2
Qd7 9. c4 O-O 10. Qc2 Nc6 11. a3 d5 12. cxd5 Nxd5 13. Bb5 a6 14. Ne5 Nxd4 15.
Bxd7 Nxc2 16. Bxe6+ Kh8 17. Ra2 Ncxe3 18. fxe3 Nxe3 19. Rc1 Nxg2 20. Ndf3 Nf4
21. Nf7+ Rxf7 22. Bxf7 Bxf3 23. Rxc7 Bc5+ 24. Rxc5 bxc5 25. Kf2 Bd5 26. Bxd5
Nxd5 27. Bc1 Nc3 28. Rc2 Ne4+ 29. Kf3 g6 30. Be3 Rb8 0-1

[Event "Dyfed Open"]
[Site "?"]
[Date "2018.02.18"]
[Round "5"]
[White "Leah, Howard"]
[Black "Probert, Malcolm"]
[Result "1/2-1/2"]
[WhiteElo "1467"]
[BlackElo "1601"]
[PlyCount "43"]
[EventDate "2018.??.??"]

1. e4 g6 2. d4 Bg7 3. Nf3 c6 4. Bd3 d5 5. e5 Nh6 6. O-O O-O 7. Re1 Bg4 8. Nbd2
f6 9. e6 Qc8 10. Qe2 b6 11. h3 Bf5 12. c4 Na6 13. cxd5 Bxd3 14. Qxd3 cxd5 15.
b3 Nc7 16. Ba3 Re8 17. Rac1 Qb7 18. Nh4 Rac8 19. Nf1 Bf8 20. Ng3 Qa6 21. Qxa6
Nxa6 22. Nf3 1/2-1/2

[Event "Dyfed Open"]
[Site "?"]
[Date "2018.02.18"]
[Round "5"]
[White "Thomas, Roy"]
[Black "Jones, Martin C"]
[Result "0-1"]
[WhiteElo "1706"]
[BlackElo "1769"]
[PlyCount "94"]
[EventDate "2018.??.??"]

1. f4 d5 2. e3 c5 3. Nf3 Nc6 4. Be2 Nf6 5. O-O g6 6. d3 Bg7 7. Nc3 O-O 8. e4 d4
9. Na4 b6 10. Qe1 Nb4 11. Bd1 Bd7 12. a3 Na6 13. c4 e6 14. Bd2 b5 15. cxb5 Bxb5
16. Ne5 Nd7 17. Nc4 Bxc4 18. dxc4 Nb6 19. Ba5 d3 20. Nxb6 Qd4+ 21. Qf2 axb6 22.
Bc3 Qxc4 23. Bxg7 Kxg7 24. f5 exf5 25. exf5 f6 26. Qf3 Rad8 27. Qb7+ Rf7 28.
Qc6 Qd4+ 29. Kh1 Rd6 30. Qc8 Nc7 31. fxg6 hxg6 32. Rb1 Re7 33. Bg4 Rd8 34. Qb7
Qxg4 35. Qxb6 Qd4 36. h3 d2 37. a4 Rd6 38. Qb3 Re3 39. Qb7 Rd7 40. Qb6 Ne6 41.
Rbd1 Qe4 42. Qb5 Rxh3+ 43. Kg1 Rhd3 44. Rf3 Qe1+ 45. Rf1 Qe3+ 46. Rf2 Ng5 47.
Kf1 Ne4 0-1

[Event "Dyfed Open"]
[Site "?"]
[Date "2018.02.18"]
[Round "5"]
[White "Van Kemenade, Julie"]
[Black "Orton, Paul"]
[Result "1-0"]
[WhiteElo "1692"]
[BlackElo "1608"]
[PlyCount "57"]
[EventDate "2018.??.??"]

1. e4 e5 2. Nf3 Nc6 3. Bc4 Nf6 4. d3 Be7 5. a3 O-O 6. O-O d6 7. c3 h6 8. Bb3
Be6 9. Nbd2 Qd7 10. Bc2 d5 11. exd5 Nxd5 12. Re1 Bf6 13. Ne4 Be7 14. Ng3 Bg4
15. h3 Bxf3 16. Qxf3 Nf6 17. Be3 Qd5 18. Qe2 Rfe8 19. Rad1 Bf8 20. Bb1 g6 21.
Qd2 Kh7 22. b4 Rad8 23. Ba2 Qd7 24. Qc2 Kg7 25. Bb1 Ne7 26. d4 exd4 27. Bxd4
Qc6 28. Nh5+ gxh5 29. Qh7# 1-0

[Event "Dyfed Open"]
[Site "?"]
[Date "2018.02.18"]
[Round "5"]
[White "Jansen Van Rensburg, Leon"]
[Black "Howell, Alun"]
[Result "0-1"]
[WhiteElo "1528"]
[BlackElo "1691"]
[PlyCount "82"]
[EventDate "2018.??.??"]

1. e4 c5 2. Nc3 Nc6 3. f4 e6 4. Nf3 d6 5. Bc4 Nf6 6. O-O Be7 7. d3 O-O 8. Qe1
Qc7 9. Qg3 a6 10. a4 Nb4 11. e5 dxe5 12. fxe5 Ne8 13. Bh6 Nxc2 14. Rac1 Nd4 15.
Nxd4 cxd4 16. Ne4 Qd8 17. Nf6+ Bxf6 18. exf6 g6 19. Bxf8 Kxf8 20. Qe5 Qb6 21.
h4 Bd7 22. h5 Bc6 23. b3 Rd8 24. hxg6 hxg6 25. Qh2 Kg8 26. Bxe6 Bd5 27. Bxd5
Rxd5 28. Rc8 Qe6 29. Rb8 Qe3+ 30. Kh1 Rh5 31. Qxh5 gxh5 32. Rf3 Qe1+ 33. Kh2
Qe5+ 34. Rg3+ Kf8 35. Rxe8+ Kxe8 36. Kh3 Qxf6 37. Rf3 Qe6+ 38. Kg3 Qxb3 39. Kh4
Qd5 40. Rf4 Kf8 41. Re4 f6 0-1

[Event "Dyfed Open"]
[Site "?"]
[Date "2018.02.18"]
[Round "5"]
[White "Jones, Dewi"]
[Black "Jones, Gavin"]
[Result "1-0"]
[WhiteElo "1512"]
[BlackElo "1658"]
[PlyCount "57"]
[EventDate "2018.??.??"]

1. e4 e6 2. d3 d5 3. Nd2 c5 4. Ngf3 Nc6 5. g3 Nf6 6. Bg2 Be7 7. O-O O-O 8. c3
b5 9. e5 Nd7 10. d4 Qb6 11. Nb3 f6 12. Qc2 c4 13. exf6 cxb3 14. Qe2 Nxf6 15.
Ng5 Nd8 16. Qd3 Nf7 17. f4 Bb7 18. Bh3 Nxg5 19. fxg5 Ne4 20. Bf4 Nxg5 21. Bxg5
Bxg5 22. axb3 e5 23. Rf5 Rxf5 24. Qxf5 Be3+ 25. Kh1 Bc8 26. Qxe5 Bxh3 27. Qxd5+
Qe6 28. Qxa8+ Kf7 29. Rxa7+ 1-0

[Event "Dyfed Open"]
[Site "?"]
[Date "2018.02.18"]
[Round "5"]
[White "Denham, Colin"]
[Black "Andrews, Norman G"]
[Result "1/2-1/2"]
[WhiteElo "1653"]
[BlackElo "1642"]
[PlyCount "70"]
[EventDate "2018.??.??"]

1. e4 c5 2. Nf3 g6 3. d4 cxd4 4. Nxd4 Nc6 5. Nxc6 bxc6 6. Bc4 Nf6 7. Nc3 e5 8.
a3 Bg7 9. O-O Qc7 10. Qe2 O-O 11. Kh1 Nxe4 12. Bxf7+ Rxf7 13. Nxe4 d5 14. Ng3
a5 15. Re1 a4 16. Rb1 Ba6 17. Qd2 Qb6 18. f3 Raf8 19. Qb4 Qc7 20. Qxa4 Bb5 21.
Qb4 Bc4 22. Qc5 Rb8 23. b3 Ba6 24. Qg1 Bc8 25. a4 c5 26. Ba3 c4 27. b4 Ra8 28.
a5 Qc6 29. c3 Ba6 30. Bb2 Bb5 31. Ne2 Qd7 32. Rbd1 Ba4 33. Ra1 Bb5 34. Rad1 Ba4
35. Ra1 Bb5 1/2-1/2

[Event "Dyfed Open"]
[Site "?"]
[Date "2018.02.18"]
[Round "5"]
[White "Hurn, Robert AJ"]
[Black "Miller, John S"]
[Result "0-1"]
[WhiteElo "1592"]
[BlackElo "1648"]
[PlyCount "82"]
[EventDate "2018.??.??"]

1. d4 Nf6 2. c4 g6 3. f3 Bg7 4. e4 d6 5. Nc3 O-O 6. Be3 e5 7. Nge2 Nc6 8. d5
Ne7 9. Qd2 Ne8 10. g4 a6 11. Ng3 f5 12. gxf5 gxf5 13. Bh6 f4 14. Bxg7 Nxg7 15.
Nge2 Ng6 16. O-O-O Nh4 17. Ng1 Kh8 18. Qf2 Rg8 19. Bh3 Qg5 20. Bxc8 Raxc8 21.
Rd2 Rcf8 22. Nh3 Qh5 23. Ng1 Ne8 24. Qf1 Rg6 25. Rf2 Rfg8 26. Nce2 Ng2 27. b3
Nf6 28. h4 Qh6 29. Kb2 Nh5 30. Ka3 Ne3 31. Qh3 Ng3 32. Rhh2 Qg7 33. Nc3 Ngf1
34. Rh1 Rxg1 35. Rxg1 Qxg1 36. Re2 Ng3 37. Rb2 Nh5 38. Qd7 Qc1 39. Qxc7 Nc2+
40. Ka4 Qxb2 41. Nb5 Qxa2+ 0-1

[Event "Dyfed Open"]
[Site "?"]
[Date "2018.02.18"]
[Round "5"]
[White "Fowler, Caspian"]
[Black "Morgans, Justin"]
[Result "1/2-1/2"]
[WhiteElo "1370"]
[BlackElo "1668"]
[PlyCount "96"]
[EventDate "2018.??.??"]

1. e4 c5 2. c3 d6 3. d4 cxd4 4. cxd4 a6 5. Nc3 Nf6 6. Nf3 e6 7. Bd3 Be7 8. O-O
O-O 9. Bb1 Nc6 10. Qc2 e5 11. h3 Bd7 12. Be3 Rc8 13. a3 b5 14. Qd3 g6 15. Bd2
Re8 16. Bg5 Nh5 17. Bxe7 Qxe7 18. Nd5 Qd8 19. Qe3 Ne7 20. dxe5 Nxd5 21. exd5
dxe5 22. Ba2 Qf6 23. b4 Nf4 24. Nd2 Qg5 25. Qf3 Nxh3+ 26. Kh1 Qxd2 27. gxh3 Rc3
28. Qf6 Rxh3+ 29. Kg1 Qf4 30. Qxf4 exf4 31. d6 f3 32. Rfe1 Re2 33. Rec1 Rd2 34.
Rd1 Rxd1+ 35. Rxd1 Rh4 36. Re1 Rd4 37. Re7 Rxd6 38. Rxf7 Kh8 39. Rxf3 Bf5 40.
Kh2 Rd3 41. Rxd3 Bxd3 42. Bd5 Kg7 43. Bb7 Bf5 44. Bxa6 Bd7 45. Bb7 Kf6 46. Kg3
g5 47. f4 h5 48. fxg5+ Kxg5 1/2-1/2